| 000 | 00666nam a2200217 a 4500 | ||
|---|---|---|---|
| 001 | 18427 | ||
| 003 | CO-ViMGA | ||
| 008 | 141112s2004 ck r 000 u spa d | ||
| 020 | _a849700096X | ||
| 040 |
_aCO-ViMGA _bspa _cCO-ViMGA |
||
| 082 | 0 | 4 | _a741 M177a |
| 100 | 1 |
_aMartinez García, Luisa Maria; Gutierrez Perez, Rosario _926246 |
|
| 245 | 1 | 0 | _aLas artes plásticas , y su función en la escuela |
| 260 |
_aMálaga (España), _cAljibe, _c2002 |
||
| 300 | _a155.p. | ||
| 590 | _aForma de adquisición : Premio - Mincultura | ||
| 650 | 1 | 4 |
_aAPTITUD CREADORA _92033 |
| 650 | 1 | 4 |
_aARTE - ENSEÑANZA _926247 |
| 650 | 1 | 4 |
_aDIBUJO - ENSEÑANZA _9587 |
| 942 |
_2ddc _cBK |
||
| 999 |
_c27725 _d27725 |
||